[Event "Krapina Regional Cup"]
[Site "Krapina"]
[Date "2016.02.14"]
[Round "1"]
[White "Ledic, Kruno"]
[Black "Galoic, Boris"]
[Result "1/2-1/2"]
[WhiteElo "2163"]
[BlackElo "2037"]
[PlyCount "36"]
[EventDate "2016.02.14"]
[EventType "team-swiss"]
[EventRounds "5"]
[EventCountry "CRO"]
[SourceTitle "CBM 171 Extra"]
[Source "ChessBase"]
[SourceDate "2016.04.26"]
[SourceVersion "1"]
[SourceVersionDate "2016.04.26"]
[SourceQuality "1"]

1. Nf3 Nf6 2. g3 d5 3. Bg2 e6 4. d3 Be7 5. 0-0 0-0 6. c3 b6 7. Qc2 Bb7 8. Nbd2 c5 9. e4 Nc6 10. b3 Rc8 11. Bb2 Qc7 12. Rac1 Rfd8 13. a3 Ba6 14. c4 d4 15. h3 Bb7 16. Nh2 Rf8 17. f4 Nh5 18. Rf3 f5 1/2-1/2

[Event "CRO-chT2S"]
[Site "Makarska"]
[Date "2013.04.06"]
[Round "2.2"]
[White "Ledic, Kruno"]
[Black "Levacic, Patrick"]
[Result "1/2-1/2"]
[WhiteElo "2189"]
[BlackElo "2310"]
[PlyCount "56"]
[EventDate "2013.04.05"]
[EventType "team-tourn"]
[EventRounds "9"]
[EventCountry "CRO"]
[SourceTitle "EXT 2014"]
[Source "ChessBase"]
[SourceDate "2013.11.20"]
[SourceVersion "1"]
[SourceVersionDate "2013.11.20"]
[SourceQuality "1"]
[WhiteTeam "Arzano"]
[BlackTeam "Zadar"]
[WhiteTeamCountry "CRO"]
[BlackTeamCountry "CRO"]

1. d4 Nf6 2. c4 g6 3. Nc3 Bg7 4. e4 d6 5. Be2 0-0 6. Nf3 Nbd7 7. Qc2 e5 8. d5 a5 9. 0-0 h6 10. Ne1 Nc5 11. Be3 Qe7 12. f3 Nh5 13. Nd3 Nxd3 14. Bxd3 Nf4 15. Nb5 c6 16. dxc6 bxc6 17. Nc3 Ba6 18. Rfe1 Rab8 19. b3 Ne6 20. Na4 c5 21. Qc3 Ra8 22. Nb6 Ra7 23. Nd5 Qd8 24. a3 Bb7 25. b4 axb4 26. axb4 Rxa1 27. Rxa1 Bxd5 28. cxd5 cxb4 1/2-1/2

[Event "CRO-chT2S"]
[Site "Makarska"]
[Date "2013.04.05"]
[Round "1.2"]
[White "Bratosevic, Mladen"]
[Black "Ledic, Kruno"]
[Result "1/2-1/2"]
[WhiteElo "2191"]
[BlackElo "2189"]
[PlyCount "30"]
[EventDate "2013.04.05"]
[EventType "team-tourn"]
[EventRounds "9"]
[EventCountry "CRO"]
[SourceTitle "EXT 2014"]
[Source "ChessBase"]
[SourceDate "2013.11.20"]
[SourceVersion "1"]
[SourceVersionDate "2013.11.20"]
[SourceQuality "1"]
[WhiteTeam "Mravince II"]
[BlackTeam "Arzano"]
[WhiteTeamCountry "CRO"]
[BlackTeamCountry "CRO"]

1. c4 Nf6 2. Nc3 g6 3. g3 Bg7 4. Bg2 0-0 5. Nf3 d6 6. 0-0 Nc6 7. d3 e5 8. Rb1 a5 9. a3 Bd7 10. b4 axb4 11. axb4 Qc8 12. b5 Nd4 13. Nxd4 exd4 14. Nd5 Nxd5 15. Bxd5 Ra2 1/2-1/2

[Event "CRO-chT2b"]
[Site "Croatia"]
[Date "2009.03.01"]
[Round "2"]
[White "Ledic, Kruno"]
[Black "Kliska, Predrag"]
[Result "1-0"]
[WhiteElo "2217"]
[BlackElo "2128"]
[PlyCount "97"]
[EventDate "2009.03.01"]
[EventType "team-tourn"]
[EventRounds "11"]
[EventCountry "CRO"]
[SourceTitle "EXT 2010"]
[Source "ChessBase"]
[SourceDate "2010.11.25"]
[SourceVersion "1"]
[SourceVersionDate "2010.11.25"]
[SourceQuality "1"]

1. d4 Nf6 2. c4 g6 3. Nc3 Bg7 4. e4 d6 5. Be2 c6 6. Nf3 0-0 7. 0-0 Bg4 8. Be3 Qc7 9. Qc2 Nbd7 10. Rac1 e5 11. d5 c5 12. Ne1 Bxe2 13. Qxe2 Ne8 14. Nd3 a6 15. f4 exf4 16. Bxf4 Ne5 17. Nxe5 dxe5 18. Be3 Nd6 19. Qd3 Rac8 20. Na4 Qa5 21. b3 f5 22. exf5 gxf5 23. Bd2 Qd8 24. Kh1 f4 25. Nc3 Qe8 26. Ne4 Qg6 27. Rce1 b5 28. cxb5 axb5 29. Qe2 Nxe4 30. Qxe4 Qxe4 31. Rxe4 Rfd8 32. Bc3 Rxd5 33. Rfe1 b4 34. Ba1 Rcd8 35. Kg1 Rd1 36. Bxe5 Rxe1+ 37. Rxe1 Re8 38. Bc3 Bd4+ 39. Kf1 Be3 40. Bd2 Kf7 41. Bxe3 fxe3 42. Ke2 Ra8 43. Ra1 c4 44. bxc4 b3 45. Rf1+ Ke6 46. axb3 Ra2+ 47. Kxe3 Rb2 48. Rf2 Rxb3+ 49. Kd4 1-0

[Event "CRO-chT qual"]
[Site "Bizovac"]
[Date "2008.12.27"]
[Round "2"]
[White "Ledic, Kruno"]
[Black "Tomerlin, Sinisa"]
[Result "1/2-1/2"]
[WhiteElo "2207"]
[BlackElo "2306"]
[PlyCount "39"]
[EventDate "2008.12.27"]
[EventType "team-tourn"]
[EventRounds "3"]
[EventCountry "CRO"]
[SourceTitle "CBM 128 Extra"]
[Source "ChessBase"]
[SourceDate "2009.03.05"]
[SourceVersion "2"]
[SourceVersionDate "2009.03.25"]
[SourceQuality "1"]

1. d4 Nf6 2. c4 d6 3. Nf3 Nbd7 4. Bf4 c6 5. Nc3 Qa5 6. Qc2 e5 7. Bd2 Qc7 8. e3 g6 9. Be2 Bg7 10. 0-0 0-0 11. Rac1 Re8 12. d5 Bh6 13. b4 a6 14. dxc6 Qxc6 15. Nd5 Nxd5 16. cxd5 Qxc2 17. Rxc2 e4 18. Nd4 Nb6 19. Bc4 Bd7 20. Bb3 1/2-1/2